000 00745nam a2200265Ia 4500
003 OSt
005 20221006144119.0
006 a|||||r|||| 00| 0
007 ta
008 221006b |||||||| |||| 00| 0 eng d
020 _a0834800942
_c
_13.50
024 _a10,904
037 _cTextual
040 _aEASL
_cEASL
_beng
041 _2eng
_aeng
082 _aQ6:621wJ610bY:1.42, L4
100 _aMICHAEL COOPER S J
_9650887
245 0 _aRodrigues the interpreter
_b An early Jesuit in Japan and China
260 _aNew York
_bWeatherhill
_c1974
300 _a416p.
_ccm.
490 _v Gen
650 _aGen
942 _hQ6:621wJ610bY:1.42, L4
_cTEXL
_2CC
999 _c1078990
_d1078990